| 000 | 00588nam a2200193 a 4500 | ||
|---|---|---|---|
| 001 | 000019174 | ||
| 005 | 20200929165935.0 | ||
| 008 | 100527s1982 mx 000 f spa d | ||
| 040 |
_aDO-SdBNP _bspa _cBNPHU |
||
| 041 | 1 | 7 | _aspa |
| 082 |
_a843.9 _bG453c |
||
| 100 | 1 |
_aGide, André, _d1869-1951. _95030 |
|
| 245 | 1 | 4 |
_aLas cuevas del Vaticano / _cAndré Gide ; traducción de Adrián Castillo. |
| 260 |
_aMéxico : _bSiglo xxi, _c1982. |
||
| 300 |
_a206 p. ; _c18 cm. |
||
| 650 | 4 |
_aNovela francesa _91075 |
|
| 650 | 4 |
_aLiteratura francesa _91074 |
|
| 700 | 1 |
_aCastillo, Adrián, _etr. _941276 |
|
| 999 |
_c18692 _d18692 |
||